[Event "Mittelfranken-ch QT 49th"]
[Site "Ansbach"]
[Date "2000.??.??"]
[Round "7"]
[White "Shlosberg, Mikhail Jr"]
[Black "Schneider, Peter1"]
[Result "1-0"]
[WhiteElo "1592"]
[BlackElo "1631"]
[PlyCount "87"]
[EventDate "2000.04.19"]
[EventType "swiss"]
[EventRounds "7"]
[EventCountry "GER"]
[SourceTitle "EXT 2015"]
[Source "ChessBase"]
[SourceDate "2014.11.20"]
[SourceVersion "1"]
[SourceVersionDate "2014.11.20"]
[SourceQuality "1"]

1. e4 c6 2. d4 d5 3. e5 Bf5 4. Bd3 Bxd3 5. Qxd3 e6 6. Ne2 Qb6 7. 0-0 c5 8. c3 Nc6 9. Nd2 cxd4 10. cxd4 Nge7 11. Nf3 h5 12. a3 Nf5 13. Bd2 Be7 14. Ng3 Nfxd4 15. Nxd4 Qxd4 16. Qc2 Qxe5 17. Rfe1 Qc7 18. Re2 Rc8 19. Qd3 g5 20. Rae1 Kd7 21. Ne4 a6 22. Bc3 Rhg8 23. Bf6 Ke8 24. Nc5 Ne5 25. Nxe6 Nxd3 26. Nxc7+ Rxc7 27. Rxe7+ Rxe7 28. Rxe7+ Kd8 29. Re3+ Kd7 30. Rxd3 Rc8 31. Bc3 Kc6 32. Kf1 Re8 33. Rf3 Re7 34. Rf6+ Kc7 35. Ba5+ Kc8 36. Rd6 Rd7 37. Rxd7 Kxd7 38. Ke2 Kc6 39. Kd3 b6 40. Bc3 Kd6 41. Bd4 a5 42. Ke3 f5 43. Bf6 g4 44. Bd4 1-0